|
|
|
|
| LEADER |
00000cam a2200000 a 4500 |
| 001 |
vtls008324049 |
| 003 |
SK-MaSNL |
| 005 |
20260302074322.0 |
| 008 |
181127s1956 xo ab n 000 0 slo |
| 015 |
|
|
|a SNBA1956/07-00849
|
| 020 |
|
|
|q (brož.)
|
| 035 |
|
|
|a SK01SNK19560016266
|
| 035 |
|
|
|a SKM000018729
|
| 040 |
|
|
|a SNK
|b slo
|c SNK
|e AACR2
|
| 041 |
0 |
|
|a slo
|a cze
|
| 043 |
|
|
|a e-xo---
|a e-pl---
|
| 044 |
|
|
|a xo
|c SK
|
| 072 |
|
7 |
|a 913
|x Regionálna geografia
|2 konspekt
|
| 080 |
|
|
|a 913(438)
|2 2011
|
| 080 |
|
|
|a (036)913
|2 2011
|
| 100 |
1 |
|
|a Adamec, Vladimír,
|d 1922-
|4 aut
|9 37516
|
| 245 |
1 |
0 |
|a Poľské Tatry a Pieniny
|b sprievodca po oblasti prístupnej na čs. turistickú priepustku
|c Vlado Adamec ; úvod napísal Jiří Chyský
|
| 260 |
|
|
|a Martin
|b Osveta
|c 1956
|
| 300 |
|
|
|a 211, [4] s., [1] mp. príl.
|c 17 cm
|
| 366 |
|
|
|e 3200 výt.
|
| 504 |
|
|
|a Bibliogr.: s. 211
|
| 546 |
|
|
|a Úvod v češtine
|
| 650 |
0 |
7 |
|a regionálna geografia
|2 SNKPH
|9 822
|
| 650 |
0 |
7 |
|a Regional geography
|2 SNKPHeng
|9 267552
|
| 651 |
|
7 |
|a Pieniny (Poľsko a Slovensko : pohorie)
|2 SNKPHgeo
|9 17492
|
| 651 |
|
7 |
|a Vysoké Tatry (Poľsko a Slovensko : pohorie)
|2 SNKPHgeo
|9 67729
|
| 651 |
|
7 |
|a Pieniny (Poland and Slovakia : mountains)
|2 SNKPHeng
|9 325644
|
| 651 |
|
7 |
|a Vysoké Tatry (Poland and Slovakia : mountains)
|2 SNKPHeng
|9 177038
|
| 655 |
|
7 |
|a turistickí sprievodcovia (publikácie)
|2 SNKPH
|9 191298
|
| 655 |
|
7 |
|a Tourist guidebooks
|2 SNKPHeng
|9 291226
|
| 700 |
1 |
|
|a Chyský, Jiří,
|d 1906-
|4 aui
|9 115724
|
| 852 |
|
|
|a Slovenská národná knižnica
|
| 958 |
|
|
|a TL
|
| 958 |
|
|
|a RK
|
| 958 |
|
|
|a NB
|
| 958 |
|
|
|a OND
|
| 999 |
|
|
|c 1164576
|d 1166506
|
| 952 |
|
|
|a SNK
|b SNK
|y PREZ
|7 0
|p 17A0473572
|o snkSD 11449
|i snkKSP 2279/56
|0 0
|1 0
|4 0
|d 2005-06-22
|l 0
|r 2025-11-25 00:00:00
|w 2026-02-24
|
| 952 |
|
|
|a SNK
|b SNK
|y VYP
|7 0
|p 17A0636396
|o snkSD 11449 D1
|i snkKSP 2280/56
|0 0
|1 0
|4 0
|d 2009-11-16
|l 0
|r 2026-02-24 20:45:02
|w 2026-02-24
|